00409cam a22001097a 4500008004000000082001500040100002000055245015500075260002700230300001000257650003200267180718b1960 xxu||||| |||| 00| 0 eng d aR8x73 H251 aHart, Vilson R. aCollective barganing in the federal vivil service: a study of labor-management relations in the United States Government employmentcby Vilson R. Hart aNew YorkbHarperc1960 a302p. aCollective Bargaining - USA